Professional surveyor's manual (Record no. 96776)
[ view plain ]
| 000 -LEADER | |
|---|---|
| fixed length control field | 00747cam a2200205 4500 |
| 008 - FIXED-LENGTH DATA ELEMENTS--GENERAL INFORMATION | |
| fixed length control field | 090401t1997 xxu||||| |||| 00| 0 eng d |
| 020 ## - INTERNATIONAL STANDARD BOOK NUMBER | |
| International Standard Book Number | 0070674191 |
| 035 ## - SYSTEM CONTROL NUMBER | |
| System control number | (Sirsi) u82293 |
| 041 0# - LANGUAGE CODE | |
| Language code of text/sound track or separate title | eng |
| 050 04 - LIBRARY OF CONGRESS CALL NUMBER | |
| Classification number | 526.902462 |
| 100 1# - MAIN ENTRY--PERSONAL NAME | |
| Personal name | Vernon, Robert C. |
| 245 00 - TITLE STATEMENT | |
| Title | Professional surveyor's manual |
| 260 ## - PUBLICATION, DISTRIBUTION, ETC. | |
| Place of publication, distribution, etc. | New York |
| -- | London |
| Name of publisher, distributor, etc. | McGraw Hill |
| Date of publication, distribution, etc. | 1997 |
| 300 ## - PHYSICAL DESCRIPTION | |
| Extent | x,308p. : ill.,maps ; 23cm. |
| 350 ## - PRICE (NR) (BK AM CF MU VM SE) [OBSOLETE] | |
| Price | 34.95 |
| 520 ## - SUMMARY, ETC. | |
| Summary, etc. | An American guide to surveying methods and field calculations with emphasis on road and bridge construction. Includes detailed calculations and practical tehniques for surveying curves and spirals. |
| 690 ## - LOCAL SUBJECT ADDED ENTRY--TOPICAL TERM (OCLC, RLIN) | |
| Topical term or geographic name as entry element | ENVIRONMENTAL AND LAND CONSULTANCY-GEOMATICS-LAND SURVEYING |
| 942 ## - ADDED ENTRY ELEMENTS (KOHA) | |
| Suppress in OPAC | 0 |
| 948 ## - LOCAL PROCESSING INFORMATION (OCLC); SERIES PART DESIGNATOR (RLIN) | |
| c (OCLC) | 24/11/1997 |
| Withdrawn status | Lost status | Source of classification or shelving scheme | Damaged status | Not for loan | Home library | Current library | Shelving location | Date acquired | Cost, normal purchase price | Total Checkouts | Full call number | Barcode | Date last seen | Copy number | Cost, replacement price | Price effective from | Koha item type |
|---|---|---|---|---|---|---|---|---|---|---|---|---|---|---|---|---|---|
| Dewey Decimal Classification | London | London | Basement | 14/09/1999 | 34.95 | SHELF 318 | 30054516 | 06/08/2019 | 1 | 34.95 | 06/08/2019 | Book |